Motivace 3.0

Projekt zábavnejšej výučby matematiky v českých školách. Škola hrou ako tréning vnútornej motivácie. Pripravenosť na kultúrny posun. Pracovať aj srdcom. Priestor a sloboda v práci. Vnútorná disciplína. Byť majstrom vo svojom odbore. Vnútorná motivácia tímu. Pokrok a výsledky v práci.

Saved in:
Bibliographic Details
Main Author: Moravec, Petr
Format: Book Chapter
Language:Czech
Subjects:
Tags: Add Tag
No Tags, Be the first to tag this record!

MARC

LEADER 00000naa a2200000 4500
001 0173913
005 20231211093348.1
041 0 |a cze 
044 |a CZ 
245 1 0 |a Motivace 3.0  |c Petr Moravec 
520 |a Projekt zábavnejšej výučby matematiky v českých školách. Škola hrou ako tréning vnútornej motivácie. Pripravenosť na kultúrny posun. Pracovať aj srdcom. Priestor a sloboda v práci. Vnútorná disciplína. Byť majstrom vo svojom odbore. Vnútorná motivácia tímu. Pokrok a výsledky v práci. 
610 2 0 |a motivácia pracovná 
610 2 0 |a tímy pracovné 
610 2 0 |a disciplína pracovná 
610 2 0 |a vedenie ľudí 
610 2 0 |a zodpovednosť 
610 2 0 |a manažéri 
610 2 0 |a lídri 
610 2 0 |a zamestnanci 
100 1 |a Moravec, Petr